| 000 | 004650000a22001210004500 | ||
|---|---|---|---|
| 090 |
_aAS _bSeriadas |
||
| 245 | 1 | 0 | _aNew frog (<Eleutherodactylus: Leptodactylidae>) from the southern part of the cordillera oriental of Colombia |
| 041 | 0 | _aEspañol | |
| 700 | 1 |
_aSuárez Mayorga, Angela M. _92038 |
|
| 100 | 1 |
_aLynch, John D. _992907 |
|
| 942 | _cARTICULO | ||
| 773 | 1 |
_tRevista de la Academia Colombiana de Ciencias Exactas, Fisicas y Naturales _332 _h91 _q289-293 _d2000 _g24 |
|
| 999 |
_c14194 _d14194 |
||